| 000 | 01934nam a2200361 a 4500 | ||
|---|---|---|---|
| 001 | 000012784 | ||
| 003 | DO-SdBNP | ||
| 005 | 20170315105232.0 | ||
| 007 | 000012784 | ||
| 008 | 150130s1996 dr ac 000 0 spa d | ||
| 040 |
_aBPMSU _bspa _cBPMSU |
||
| 092 |
_axxxxxx _bC183j |
||
| 245 | 0 | 0 |
_aCaminando con jesús 1 : _bformación integral, humana y religiosa, (educación básica) / _cautores, Mercy del a Rosa de Castillo...[et. al] ; ilustración Julio César Martínez. |
| 246 |
_aCaminando con jesus : _beducación básica |
||
| 260 |
_aSanto Domingo : _bSusaeta, _c1995 |
||
| 300 |
_av. : _bil., retrs. ; _c25 cm. |
||
| 490 | 1 |
_aCaminando con Jesus _v:del 1 al 8 |
|
| 500 | _aEducación básica. | ||
| 500 | _aLa biblioteca solamente posee el volumen 1 | ||
| 500 | _aTexto aprobado por la Conferencia del Episcopado Dominicano y con la debida Licencia Eclesiástica. No. Prot. C/17/95-96, de fecha 6 de Septiembre de 1995, y por la Secretaria de Estado de Educación, Bellas Artes y Cultos, por el oficio. No 2327, de fecha 19 de julio de 1995. | ||
| 505 | 0 |
_gv. 1 : _gunidad 1 -- _tDios es el creador de la naturaleza y de la vida -- _gunidad 2 -- _tDios muestra su amor en la naturaleza y en todo lo creado -- _gunidad 3 -- _tAmo y cuido lo que Dios creó -- _gunidad 4 -- _tMi vida es un regalo de Dios -- _gunidad 5 -- _tRecibo el amor de Dios padre, en las demás personas y en Jesús -- _gunidad 6 -- _tJesús me enseña a amar la vida -- |
|
| 700 | 1 | _aRosa de Castillo, Mercy de la | |
| 700 | 1 | _aBarías de Jiménez, Casilda | |
| 700 | 1 | _aGarcía A., Freddy Antonio | |
| 700 | 1 | _aValerio Pérez, Salvador | |
| 700 | 1 |
_aMartínez, Julio César _eil. |
|
| 830 | 0 |
_aCaminando con Jesus _n1 al 8 |
|
| 930 | 1 |
_lBND01 _mLF1 _820091117 _f01 _pCT _g7743 |
|
| 942 |
_2ddc _cBK |
||
| 956 |
_aBTAVAREZ _b10 _c20100226 _lBND01 _h1134 |
||
| 956 |
_aYLOCKWARD _b10 _c20150803 _lBND01 _h1547 |
||
| 956 |
_aLOPEREZ _b10 _c20160413 _lBPMSU _h00041 |
||
| 999 |
_c8062 _d8062 |
||